000 01322nam a2200325 a 4500
001 000043514
003 DO-SdBNP
005 20250621074009.0
008 140321s2006 dr ad 000 0 spa d
020 _a9945412175
040 _aDO-SdBNP
_bspa
_cBNPHU
_erda
082 4 _a321.8
_bC581d
_222
245 0 0 _aCiudadanía y democracia en la República Dominicana :
_binforme sobre la encuesta de opinión pública nacional 2004 /
_cCarlos Dore Cabral ... [et al.].
260 _aSanto Domingo :
_bFUNGLODE,
_c2006.
300 _a103 p. ;
_c28 cm.
500 _aIncluye bibliografía y notas al pie de páginas.
590 _aInventariado, 2018/LP
650 4 _aDemocracia
_zRepública Dominicana
_vEncuestas
_971220
650 4 _aCiudadanía
_zRepública Dominicana
_vEncuestas
_971221
650 4 _aOpinión pública
_xRepública dominicana
_vEncuestas
_971222
651 0 _aRepública Dominicana
_xPolítica y gobierno
_945
700 1 2 _aDore Cabral, Carlos
_91428
700 1 2 _aArtiles, Leopoldo
_917960
700 1 2 _aCáceres Ureña, Francisco I.
_97695
700 1 2 _aOrtega, Pedro
_937371
710 2 _aFundación Global Democracía y Desarrollo
_925477
710 2 _aRepública Dominicana.
_bInstituto Nacional de Opinión Pública (INOP)
_971223
910 _aValidado. Control de calidad EMS
942 _2ddc
_cLBS1
999 _c43003
_d43003